000
00251nam a22001097a 4500
082
_a
604.2 BIN'E
100
_a
BINNS, H
_9
58038
245
_a
EXAMPLES IN ENGINEERING DRAWING AND DESIGN
250
_a
VOL-3
260
_a
LONDON
_b
EUP
_c
1958
942
_c
BK
999
_c
568261
_d
568261